00358 a2200133 450000500170000002000220001708200150003910000170005424500370007125000120010826000270012030000500014770000270019720250626131741.0 a978-0-13-428630-3 a650.14 NIL aNILES, G . S aCareer Development Interventions a5th Ed. aBostonbREARSONc2017. axvi, 428p.bAppendix, Index, Referencesc23cm aJoann Harris- Bowlsbey